| 000 -LEADER |
| fixed length control field |
00450cam a22001451i 4500 |
| 020 ## - INTERNATIONAL STANDARD BOOK NUMBER |
| ISBN |
9781422172810 (alk. paper) |
| 040 ## - CATALOGING SOURCE |
| Transcribing agency |
DLC |
| 082 00 - DEWEY DECIMAL CLASSIFICATION NUMBER |
| Classification number |
658 RIT 2013 A113 Or. |
| 100 1# - MAIN ENTRY--AUTHOR NAME |
| Personal name |
McGrath, Rita Gunther. |
| 245 14 - TITLE STATEMENT |
| Title |
The end of competitive advantage : |
| Remainder of title |
how to keep your strategy moving as fast as your business / |
| 300 ## - PHYSICAL DESCRIPTION |
| Number of Pages |
xviii, 204 pages : |
| Other physical details |
illustrations ; |
| Dimensions |
25 cm |
| 650 #0 - SUBJECT ADDED ENTRY--TOPICAL TERM |
| Topical Term |
Strategic planning. |
| 650 #0 - SUBJECT ADDED ENTRY--TOPICAL TERM |
| Topical Term |
Competition. |
| 942 ## - ADDED ENTRY ELEMENTS (KOHA) |
| Koha item type |
សៀវភៅភាសាអង់គ្លេស |
| 952 ## - LOCATION AND ITEM INFORMATION (KOHA) |
| Withdrawn status [LOCAL, KOHA] |
0 |
| 952 ## - LOCATION AND ITEM INFORMATION (KOHA) |
| Withdrawn status [LOCAL, KOHA] |
0 |